[Event "Staufer op 34th"]
[Site "Schwaebisch Gmuend"]
[Date "2024.01.05"]
[Round "8"]
[White "Foksha, Mischa"]
[Black "Ciolek, Andreas"]
[Result "0-1"]
[WhiteElo "1906"]
[BlackElo "2270"]
[PlyCount "72"]
[EventDate "2024.01.02"]
[EventType "swiss"]
[EventRounds "9"]
[EventCountry "GER"]
[SourceTitle "CB02_2024"]
[SourceDate "2024.01.10"]
[SourceVersion "1"]
[SourceVersionDate "2024.01.10"]
[SourceQuality "1"]

1. e4 e5 2. Nf3 Nc6 3. Bc4 Nf6 4. Ng5 d5 5. exd5 b5 6. Bf1 Nxd5 7. Bxb5 Bb7 8. Qf3 Qd7 9. Nc3 Ndb4 10. Ba4 h6 11. Nge4 0-0-0 12. 0-0 f5 13. Ng3 g6 14. d3 Qg7 15. a3 Nd4 16. Qd1 Nbc6 17. b4 e4 18. Bxc6 Bxc6 19. Bb2 Bd6 20. Kh1 Be5 21. Nce2 Nxe2 22. Bxe5 Nxg3+ 23. Bxg3 g5 24. h3 f4 25. Bh2 f3 26. gxf3 exd3 27. cxd3 g4 28. Qc2 Bxf3+ 29. Kg1 gxh3+ 30. Bg3 h2+ 31. Kxh2 Rd5 32. Qxc7+ Qxc7 33. Bxc7 Rg8 34. Be5 Rxe5 35. Rac1+ Kd7 36. Rc5 Bd5 0-1